Movies Quiz

Random Movies or Clickable Quiz

It's Always Groundhog Day For Bill Murray Quiz Stats

 Plays Quiz Updated Sep 21, 2018

Score 0/20 Timer 07:00
4 Plays Today
% Correct
Ghostbusters
96.1%
Caddyshack
95.7%
Charlie's Angels
95.6%
Garfield
94.4%
Scrooged
93.9%
Space Jam
93.1%
Zombieland
91.3%
The Life Aquatic with Steve Zissou
90.3%
The Jungle Book
87.6%
Lost in Translation
86.8%
% Correct
Kingpin
86.6%
The Monuments Men
85.7%
What About Bob?
80.4%
Stripes
77.4%
Little Shop of Horrors
75%
The Man Who Knew Too Little
73.5%
Meatballs
73%
St. Vincent
66%
Rushmore
64.6%
Osmosis Jones
54.3%

You're not logged in!

Compare scores with friends on all Sporcle quizzes.
OR
Log In

Sporcle TV

Today on Sporcle TV


Watch our educational content, quiz creation guides, and fun videos on Sporcle TV.

Show Comments

Extras

Top Quizzes Today


Score Distribution

Your Account Isn't Verified!

In order to create a playlist on Sporcle, you need to verify the email address you used during registration. Go to your Sporcle Settings to finish the process.

Report this User

Report this user for behavior that violates our Community Guidelines.

Details: